Statistics for Guess the TV Show by 1 Character

Click here to take the quiz!

General Stats

  • This quiz has been taken 39 times
  • The average score is 8 of 17

Answer Stats

HintAnswer% Correct
ElevenStranger Things
95%
Ross GellerFriends
77%
Rory GilmoreGilmore Girls
67%
Dwight SchruteThe Office
67%
Betty CooperRiverdale
62%
Ian GallagherShameless
59%
Howard WolowitzThe Big Bang Theory
59%
Sarah CameronOuterbanks
56%
Amy SantiagoBrooklyn 99
51%
Stephanie TannerFull House
46%
Jackson AveryGrey's Anatomy
38%
Connie TuckerYoung Sheldon
38%
Athena Grant9-1-1
15%
Jonah SimmsSuperstore
15%
Ruby HillGood Girls
10%
Sophie KachinskyTwo Broke Girls
10%
Bonnie PlunkettMom
8%

Score Distribution

Percentile by Number Answered

Percent of People with Each Score

Your Score History

You have not taken this quiz